000
00302nam a2200121Ia 4500
005
20251028132345.0
008
251020t2007||||xx |||||||||||||| ||spa||
041
_a
spa
100
_a
Esquivel Oviedo, Juan Carlos
245
0
_a
Guía operativa de jurisprudencia registral
260
_c
2007
942
_C
LB
_c
LB
999
_c
918
_d
918